banner koha

Interação entre endomicorrizas e frutíferas nativas (Myrtaceae) no Rio Grande do Sul (Registro n. 299796)

MARC details
000 -LÍDER
fixed length control field 04703nab a2200289 i 4500
003 - CÓDIGO MARC DA AGÊNCIA CATALOGADORA
Campo de controle BR-BrBNA
005 - DATA E HORA DA ÚLTIMA ATUALIZAÇÃO
Campo de controle 20240527150753.0
008 - CAMPO DE TAMANHO FIXO
fixed length control field 240527b2019 bl.qr|pooa||| 00| 0 por |
040 ## - FONTE DA CATALOGAÇÃO
Agência catalogadora BR-BrBNA
Idioma da catalogação por
072 ## - CATEGORIA AGRIS
Código AGRIS P34
100 ## - ENTRADA PRINCIPAL - NOME PESSOAL
Nome pessoal Lattuada, Daiane Silva
100 ## - ENTRADA PRINCIPAL - NOME PESSOAL
Nome pessoal Rieth, Sandra
100 ## - ENTRADA PRINCIPAL - NOME PESSOAL
Nome pessoal Back, Marina Martinello
100 ## - ENTRADA PRINCIPAL - NOME PESSOAL
Nome pessoal Souza, Paulo Vitor Dutra de
245 ## - TÍTULO PRINCIPAL
Título principal Interação entre endomicorrizas e frutíferas nativas (Myrtaceae) no Rio Grande do Sul
500 ## - NOTA GERAL
Nota geral Publicação on-line; 27 ref.; 2 tables; 1 illus.; Summaries (En, Pt)
942 ## - ADDED ENTRY ELEMENTS (KOHA)
Koha item type
520 ## - NOTA DE RESUMO
Nota de conteúdo <br/><br/>Resumo<br/><br/>A interação entre espécies vegetais e micorrizas arbusculares (MA) favorece o desenvolvimento de mudas.<br/>Para verificar esta interação conduziu-se estudo, em duas etapas, entre três espécies de micorrizas<br/>arbusculares (Glomus etunicatum, Gigaspora margarita e Scutellospora heterogama), além de uma testemunha<br/>e três espécies de Myrtaceae nativas no Sul do Brasil: Eugenia pyriformis Cambess, Myrcianthes pungens<br/>(O. Berg) D. Legrand) e Psidium cattleyanum Sabine na produção de mudas. Na etapa de sementeira,<br/>sementes das espécies vegetais foram semeadas em bandejas multicelulares, preenchidas com substrato<br/>autoclavado e 1 g de inóculo/célula de cada espécie de MA estudada. Nesta etapa avaliaram-se a<br/>emergência e o desenvolvimento inicial das plântulas (altura e número de folhas por muda), aos 125 dias<br/>após a semeadura. Na etapa de viveiro, as mudas foram transplantadas para sacos de polietileno preto (5 L),<br/>contendo substrato comercial desinfestado. 480 dias após o transplante, avaliaram-se o desenvolvimento<br/>vegetativo das plantas e a colonização pelas MAs nas raízes. Na fase de sementeira, as MAs colonizaram<br/>as raízes, mas não alteraram emergência e desenvolvimento inicial das plântulas. Após o transplante<br/>para recipientes maiores todas as espécies de MAs foram eficientes quando comparadas à testemunha,<br/>proporcionando incrementos médios na ordem de 135% na altura, 195% no número de folhas, 299% no<br/>número de brotações e 209% na área foliar. Os resultados confirmam a efetiva simbiose entre as espécies<br/>florestais e as endomicorrizas estudadas.<br/><br/>Palavras-chave: Frutíferas nativas; Fungo micorrízico arbuscular; Viveiro florestal
520 ## - NOTA DE RESUMO
Nota de conteúdo <br/><br/>Abstract<br/><br/>The interaction between plant species and endomycorrhizas (AM) favors the development of seedlings. In<br/>order to verify this interaction, it was developed a two-step research about of three species of arbuscular<br/>mycorrhizas (Glomus etunicatum, Gigaspora margarita and Scutellospora heterogama), as well as one control<br/>and three native Myrtaceae species in southern Brazil: Eugenia pyriformis Cambess, Myrcianthes pungens<br/>(O. Berg) D. Legrand) and Psidium cattleyanum Sabine in the production of seedlings. In the sowing stage,<br/>seeds of the plant species were sown in multicellular trays, filled with autoclaved substrate and 1 g of<br/>inoculum/cell containing each AM species studied. In this stage the emergence and initial development<br/>of the seedlings (height and number of leaves per seedling) were evaluated at 125 days after sowing. In<br/>the nursery stage, seedlings were transplanted to black polyethylene bags (5 L) containing disinfested<br/>commercial substrate, 480 days after transplantation, the vegetative development of the plants was<br/>evaluated colonization by the AMs in the roots. In the sowing phase, the AM colonized the roots, but<br/>did not alter the emergence and initial development of the seedlings. After transplantation to larger<br/>containers all AM species presented better performance when compared to the control, providing mean<br/>increments in the order of 135% for height, 195% for number of leaves, 299% for number of shoots and<br/>209% for leaf area. Indicating the efficiency of the AMs in development acceleration of the plants and<br/>therefore the effective symbiosis between the forest species and the endomycorrhiza studied.<br/><br/>Keywords: Native fruit trees; Arbuscular mycorrhizal fungi; Forest nursery
650 ## - ASSUNTO - THESAGRO
Cabeçalho tópico ou nome geográfico ÁRVORE FRUTÍFERA
650 ## - ASSUNTO - THESAGRO
Cabeçalho tópico ou nome geográfico ESPÉCIE NATIVA
650 ## - ASSUNTO - THESAGRO
Cabeçalho tópico ou nome geográfico MICORRIZA VESICULAR ARBUSCULAR
650 ## - ASSUNTO - THESAGRO
Cabeçalho tópico ou nome geográfico VIVEIRO FLORESTAL
773 0# - ENTRADA ANALÍTICA
Host Biblionumber 4065
Registro do item 314613
Imprenta Santa Maria-RS Universidade Federal de Santa Maria - Centro de Pesquisas Florestais.Departamento de Ciências Florestais. Programa de Pós-Graduação em Engenharia Florestal 1991
Outro identificador 2024-0865
Título Ciência Florestal (Brazil)
ISSN 0103-9954; 1980-5098 (on-line)
Colação v. 29(4) p. 1726-1736; (Oct-Dec 2019)
Número de controle de registro BR2023001715
856 ## - ACESSO E ENDEREÇO ELETRÔNICO
Identificador uniforme de recurso - URI https://www.scielo.br/j/cflo/a/K64qQ5Lbpqqsb6dw3SMZmyy/?format=pdf&lang=pt

Nenhum exemplar disponível.

BINAGRI

Telefone: (61)3218-2567/2388/3357/2097 - binagri@agro.gov.br

Ministério da Agricultura e Pecuária , Esplanada dos Ministérios, Bloco D, Anexo B, Brasília/DF, CEP: 70.043-900